000 00695nam a22001937a 4500
005 20251108165008.0
008 250721s1994 xx 000 0 ara d
082 1 4 _a658.404/عبد
100 1 _aعبد اللطيف، أحمد سعد
245 1 0 _aإدارة المشروعات الإنشائية /
264 1 _aالقاهرة :
_bجامعة القاهرة - التعليم المفتوح،
_c1994.
300 _a246ص
490 0 _aدراسات بكالوريس التجارة في المعاملات المالية والتجارية
650 1 7 _aالإدارة
650 1 7 _aتقنيات الإدارة
650 1 7 _aإدارة المشروع
942 _2ddc
_cBK
999 _c19399
_d19399